000 00624nam a2200205Ia 4500
003 OSt
005 20250225095807.0
008 210210b1997 xxu||||| |||| 00| 0 eng d
040 _cAL
041 _aKannada
082 _aK894.9 PRAS
100 _aPRADHAN GURUDATTA MATTU ITARARU.
_dಗುರುದತ್ತ ಪ್ರಧಾನ್.
_9202441
245 _aShrimukha.
_bಶ್ರೀಮುಖ
260 _aMaisuru
_bDa Ti Vi Venkatachalashastri Abinandana Samiti
_c1997
300 _axvi,860
650 _aVenkatachalashastri Ti Vi
_9202442
690 _aKannada Criticism
_9202443
906 _a054866
942 _2ddc
_cBK
999 _c102437
_d102437